Một số vấn đề cơ bản về phát triển nhận thức kinh tế học chính trị Mác- Lênin trong quá trình đổi mới ở nước ta
Kaydedildi:
| Yazar: | |
|---|---|
| Materyal Türü: | Kitap |
| Dil: | Undetermined |
| Baskı/Yayın Bilgisi: |
Hà Nội
Chính Trị Quốc Gia
1999
|
| Konular: | |
| Etiketler: |
Etiketle
Etiket eklenmemiş, İlk siz ekleyin!
|
| Thư viện lưu trữ: | Trung tâm Học liệu Trường Đại học Cần Thơ |
|---|
| LEADER | 00647nam a2200169Ia 4500 | ||
|---|---|---|---|
| 001 | CTU_47171 | ||
| 008 | 210402s9999 xx 000 0 und d | ||
| 082 | |a 335.412 | ||
| 082 | |b Kh106 | ||
| 100 | |a NGUYỄN ĐÌNH KHÁNG | ||
| 245 | 0 | |a Một số vấn đề cơ bản về phát triển nhận thức kinh tế học chính trị Mác- Lênin trong quá trình đổi mới ở nước ta | |
| 245 | 0 | |c NGUYỄN ĐÌNH KHÁNG | |
| 260 | |a Hà Nội | ||
| 260 | |b Chính Trị Quốc Gia | ||
| 260 | |c 1999 | ||
| 650 | |a marxian economics | ||
| 980 | |a Trung tâm Học liệu Trường Đại học Cần Thơ | ||